000 00621nam a2200241Ia 4500
003 OSt
005 20221005081348.0
006 a|||||r|||| 00| 0
007 ta
008 221004b |||||||| |||| 00| 0 eng d
024 _a72035
037 _cTextual
040 _aCRL
_cCRL
_beng
041 _2eng
_aeng
082 _aY15:6.2, N0
100 _aNanda B R Ed.
245 0 _aIndian women from purdah to modernity
260 _aNew Delhi
_bRadiant India
_c1990
300 _axvi,187p
_ccm.
650 _aSOCIOLOGY
942 _hY15:6.2, N0
_cTEXL
_2cc
999 _c987609
_d987609